00612 2200229 4500001002100000005001500021035002000036007000300056008004100059020002200100082001100122084001700133100002100150245004900171250001000220260004000230300003100270650003200301504002700333990001100360990001100371INLIS00000000000420120191014094302 a0010-1019000053ta191014 g 0 ind  a978-602-6874-88-7 a647.95 a647.95 FAR p0 aFARMAWATY, Malik1 aPesona Restoran Nusantara /cFarmawaty Malik acet.1 aMalang :bInteligensia Media,c2017 a109 hlm. :bilus. ;c23 cm 4aMASAKAN. RESTORAN NUSANTARA aBibliografi : hlm. 109 a6916 a a6916 b